Statistics for Guess the Taylor Swift song by a Lyric with the name (Folklore)

Click here to take the quiz!

General Stats

  • This quiz has been taken 53 times
  • The average score is 16 of 17

Answer Stats

HintAnswer% Correct
_______ slipped away into a moment in timeAugust
100%
And that's the thing about ______ _____, And clandestine meetingsIllicit Affairs
98%
I hit my peak at ______ feetSeven
96%
But it would've been fun, If you would've been ___ ___The 1
96%
Take me to ___ _____ where all the poets went to dieThe Lakes
96%
And they said, There goes ___ ____ ____ _______ ______The Last Great American Dynasty
96%
Now I'm in _____, seein' you outExile
94%
All along there was some, ______ ______, Tying you to meInvisible String
94%
Cursing my name, wishing I stayed, Look at how __ _____ ________My Tears Ricochet
94%
No, I could never give you ______Peace
94%
And when I felt like I was an old ______Cardigan
92%
I want you to know, I'm a _________Mirrorball
90%
____, I know where it all went wrongBetty
88%
Only 20 minutes to sleep, But you dream of some _________Epiphany
88%
Your faithless love's the only ____Hoax
88%
And there's nothin' like a ____ _______Mad Woman
86%
And I just wanted you to know, That ____ __ __ _____This is Me Trying
82%

Score Distribution

Percentile by Number Answered

Percent of People with Each Score

Your Score History

You have not taken this quiz